[Event "IOM Open-Masters 2017"]
[Site "Douglas"]
[Date "2017.09.29"]
[Round "7"]
[White "Rakesh Kumar Jena"]
[Black "Yoo, Christopher Woojin"]
[Result "1-0"]
[WhiteElo "2418"]
[BlackElo "2254"]
[Annotator "TA"]
[PlyCount "185"]
[EventDate "2017.??.??"]
[EventType "swiss"]
[EventCountry "GBR"]
[SourceTitle "playchess.com"]
[Source "ChessBase"]
[SourceQuality "1"]

{[%evp 17,185,45,37,27,29,31,62,60,54,13,26,18,16,8,18,41,14,0,25,0,5,10,0,-102,-68,-81,0,0,0,-16,0,-292,-284,-271,-261,-285,45,0,43,30,306,0,0,0,0,0,0,0,0,-18,-20,-91,-88,-86,58,76,70,77,54,61,60,60,70,0,0,0,0,0,0,-21,-2,-18,-16,-24,0,0,0,-39,-38,-47,0,0,0,0,0,0,0,-17,-27,-51,0,-3,0,0,0,0,0,0,42,41,113,0,0,0,94,0,0,0,28,0,23,0,55,55,61,55,55,50,55,8,72,55,48,61,48,37,29,25,0,0,133,61,508,411,392,397,332,275,570,551,916,847,835,695,704,694,607,599,992,968,893,893,12831,12833,12838,12835,12832,12835,12837,12836,12830,12829,12828,12836,12846,12843,12820,5136,29986,29988]} 1. e4 c5 2. Nf3 d6 3. c3 Nf6 4. Be2 g6 5. O-O Bg7 6. Bb5+ Nbd7 7. Re1 a6 8. Bf1 b6 {B50: Sizilianisch (Verschiedenes mit 2...d6)} (8... b5 9. d4 cxd4 10. cxd4 Bb7 11. e5 dxe5 12. dxe5 Nd5 13. e6 fxe6 14. Ng5 Nc5 15. Qf3 Rf8 16. Qh3 {½-½ (40) Navara,D (2737)-Nepomniachtchi,I (2751) Saint Louis 2017}) 9. d4 O-O {LiveBook: 4 Partien} 10. e5 Ne8 {Weiß hat minimalen Vorteil.} 11. Bg5 d5 $146 ({Vorgänger:} 11... dxe5 12. dxe5 Bb7 13. Nbd2 Nc7 14. Qa4 h6 15. Qh4 hxg5 16. Nxg5 Re8 17. e6 Nxe6 18. Rxe6 {½-½ (41) Nouro,M (2349)-Berczes,D (2475) Stockholm 2006}) 12. c4 h6 13. Bf4 Nc7 14. Nc3 Bb7 15. Qd2 g5 16. Bg3 $1 dxc4 17. d5 b5 18. h4 g4 $1 {[%cal Rg4f3]} 19. Nh2 f5 $1 20. d6 (20. exf6 $1 $11 {war der einzige Weg, das Gleichgewicht zu behalten.} Nxf6 21. d6 exd6 22. Qxd6) 20... Ne6 {...f4 ist eine echte Drohung.} 21. Nd5 exd6 (21... Rf7 $17 22. Nxe7+ Rxe7 23. dxe7 Qxe7) 22. exd6 $11 Nd4 23. Ne7+ $1 Kh7 {[#]} 24. f3 $2 {[%mdl 8192]} (24. Nxg4 $1 $11 {[%mdl 512] und Weiss steht sicher.} fxg4 25. Bd3+ $1 {[%mdl 512]} cxd3 26. Qxd3+ Kh8 27. Ng6+ Kg8 28. Ne7+ Kh8 29. Ng6+ Kg8 30. Ne7+ Kh8) 24... gxf3 $19 25. gxf3 Nf6 26. Be5 Nc6 $2 (26... Nh5 $19 27. Qg2 Qe8) 27. Nxf5 $14 (27. Nxc6 $2 Bxc6 28. Rad1 Qd7 $19) 27... Nxe5 28. Rxe5 Ne8 $2 {[%mdl 8192]} (28... Nd7 $6 29. Re7 $18) (28... Rf7 $11 {und Schwarz muss sich keine Sorgen machen.}) 29. Ng4 $2 ({Der einzige Zug:} 29. Nxg7 $18 Kxg7 30. d7) 29... Rxf5 $1 $11 30. Rxf5 Qxd6 31. Qc2 Kh8 {zielt auf ...Ld4+ ab.} 32. Rd1 $1 $40 {[%cal Rd1d6][%mdl 128] Weiss startet einen Angriff.} (32. Rf7 Bd5 $17) 32... Bd4+ 33. Kg2 Qe6 $1 34. Rf8+ (34. Rxd4 $1 $11 cxd4 35. Kf2) 34... Kg7 $17 35. Qf5 Qe7 (35... Nc7 $17 36. Qxe6 Nxe6 37. Rxa8 Bxa8) 36. Ne5 $1 $14 Bxe5 ({Falsch wäre} 36... Nd6 $2 37. Qg4+ Kxf8 38. Ng6+ Kf7 39. Nxe7 $18) 37. Rd7 Qxd7 38. Qxd7+ Kxf8 39. Qxb7 Rd8 40. Qb6 (40. Kh3 $14) 40... Rd2+ $11 41. Kg1 Rd6 42. Qb7 Bxb2 43. Qe4 Bd4+ 44. Kh1 c3 45. Bd3 $1 Bf6 46. Qe3 Bd4 47. Qf4+ Rf6 48. Qg4 Rd6 49. h5 Bf6 50. Bc2 Rd2 51. Qg6 Ke7 52. Be4 Nd6 ({Und nicht} 52... Rxa2 53. Bc6 $16) 53. Qh7+ Kd8 54. Bg6 Bg5 {Droht ...b4 und aus.} 55. Qh8+ Kc7 {Und weiter mit ...b4 wäre nett.} 56. Qxc3 Nc4 57. Qg7+ Rd7 58. Qf8 {[%mdl 1024] Weiss hat Kompensation.} Be3 (58... Kb6 $1 $14) 59. Bf5 ({Weiss kommt nicht vorbei an} 59. f4 $16) 59... Rd1+ 60. Kg2 Rd2+ (60... Kb6 $1 $11 {bleibt in der Remisbreite.}) 61. Kh3 (61. Kg3 $16) 61... Kb6 62. Be6 {Schwarz muss nun Lxc4 beachten.} Rd4 63. a4 (63. Bxc4 $5 bxc4 64. Qb8+ Ka5 65. Qe5 $11) 63... Bf4 64. Qa8 {Und Lc8 würde nun gewinnen.} Ne3 (64... bxa4 $11 65. Bc8 Ka5) 65. Bc8 $14 Rxa4 66. Qb7+ Ka5 67. Qxa6+ Kb4 68. Qc6 {Droht stark Ld7.} Nc4 (68... Nc2 $1 $11) 69. Qe4 Bd2 70. Qb1+ Ka5 71. Bd7 {[%csl Gd7][%cal Rb1b5]} Rb4 72. Qf5 Be3 73. Qe4 {Beabsichtigt Da8+ und Matt.} Ka4 {[#]} (73... Rb3 $11) 74. f4 ({Besser ist} 74. Be8 $1 $16) 74... Nb6 $2 {[%mdl 8192] [#]} (74... Nd2 $1 $14 75. Qc6 (75. Qxe3 $2 Rb3 $19) 75... Rxf4) 75. Bxb5+ $1 {[%mdl 512]} Kxb5 76. Qxe3 $18 {[%mdl 4096] Endspiel KD-KTS} c4 {( -> ...Tb3)} 77. Qe5+ Kc6 $2 (77... Ka4 78. Kg4 Kb3) 78. f5 {[%cal Bf4f5,Bf5f6,Bf6f7][%mdl 32]} Nd7 79. Qe4+ Kc7 80. f6 Rb3+ 81. Kh4 Rb6 82. Qxc4+ Kd8 83. Qg8+ Kc7 84. f7 Rb4+ 85. Kg3 Rb3+ 86. Kf2 Rb2+ 87. Ke3 Rb3+ 88. Ke4 Rb4+ 89. Kf5 Rb3 90. Kg6 Rf3 91. Kxh6 Kd6 92. Qg6+ Kd5 93. Qg2 {Precision: Weiß = 52%, Schwarz = 36%.} 1-0

[Event "IOM Open-Masters 2017"]
[Site "Douglas"]
[Date "2017.09.29"]
[Round "7"]
[White "Tarjan, James E"]
[Black "Svane, Rasmus"]
[Result "1/2-1/2"]
[WhiteElo "2412"]
[BlackElo "2595"]
[Annotator "TA"]
[PlyCount "89"]
[EventDate "2017.??.??"]
[EventType "swiss"]
[EventCountry "GBR"]
[SourceTitle "playchess.com"]
[Source "ChessBase"]
[SourceQuality "1"]

{[%evp 23,89,0,23,-6,0,-20,-24,-24,-11,-9,0,0,0,-14,-6,-16,0,-8,-3,-75,-75,-76,-74,-75,-75,-75,-75,-89,-72,-81,-92,-103,-79,-98,-109,-93,-89,-93,-94,-100,-75,-75,-76,-99,-75,-75,-75,-75,-75,-75,-75,-75,-64,-64,0,0,0,0,0,0,0,0,8,0,0,0,9,0]} 1. c4 e6 2. Nf3 d5 3. d4 Nf6 4. e3 Be7 5. b3 O-O 6. Bb2 c5 7. Bd3 cxd4 8. exd4 b6 9. Nbd2 Bb7 10. Qe2 Nc6 11. Rc1 Rc8 12. O-O Bb4 {LiveBook: 3 Games. E14: Queen's Indian: Classical Variation (4 e3)} (12... Bd6 13. Ne5 Qe7 14. Ndf3 Ne4 15. Qe3 Nb4 16. Bb1 f6 17. Nd3 Nxd3 18. Bxd3 f5 19. Qe2 Rf6 20. cxd5 Rxc1 21. Rxc1 Bxd5 {1-0 (51) Mamedyarov,S (2772)-Shomoev,A (2550) Sochi 2017}) 13. Rfd1 Qe7 14. Nf1 $146 ({Predecessor:} 14. Ne5 Rfd8 15. Ndf3 dxc4 16. bxc4 Ba3 17. Bxa3 Qxa3 18. Nxf7 Kxf7 19. d5 exd5 20. Ng5+ {1-0 (59) Kastanieda,G (2415)-Requejo,O (2265) Lima 1999}) 14... Ba3 15. Ne3 Bxb2 16. Qxb2 dxc4 17. bxc4 Rfd8 18. a3 Na5 19. Be2 Nh5 20. g3 Nf6 21. Qb4 {[#]} (21. Ne5 $11) 21... Qxb4 $1 $17 22. axb4 Nb3 23. Rb1 Bxf3 $1 24. Bxf3 Nxd4 25. Bg2 g6 26. Kf1 Kf8 27. Ra1 Rc7 28. Ra3 Rdd7 29. Rc1 Nf5 30. Nxf5 gxf5 31. c5 Rd4 32. Rb3 Ke7 33. Ke2 Nd5 34. Bxd5 Rxd5 {[%mdl 4096] Endgame KRR-KRR} ({But not} 34... exd5 35. cxb6 Rxc1 36. b7 $11) 35. Ra3 bxc5 36. bxc5 Kf6 37. Ke3 Rdd7 38. Rd3 Ke5 (38... Re7 $15) 39. f4+ $1 $11 {The position is equal.} Kf6 40. Rxd7 Rxd7 41. c6 Rd8 $1 42. Ra1 ({Don't play} 42. c7 Rc8 $17) 42... Rd5 43. Rc1 {[#] c7 is the strong threat.} Rd8 44. Ra1 ({Of course not} 44. c7 Rc8 $17) 44... Rd5 45. Rc1 {Precision: White = 40%, Black = 69%.} 1/2-1/2

[Event "IOM Open-Masters 2017"]
[Site "Douglas"]
[Date "2017.09.29"]
[Round "7"]
[White "Kojima, Shinya"]
[Black "Nihal Sarin"]
[Result "0-1"]
[WhiteElo "2403"]
[BlackElo "2483"]
[Annotator "TA"]
[PlyCount "100"]
[EventDate "2017.??.??"]
[EventType "swiss"]
[EventCountry "GBR"]
[SourceTitle "playchess.com"]
[Source "ChessBase"]
[SourceQuality "1"]

{[%evp 20,100,26,29,35,37,39,41,40,43,42,41,56,68,68,58,53,40,46,33,37,20,46,13,20,8,19,13,17,0,0,0,13,0,0,0,0,0,0,0,0,0,0,0,44,44,32,32,51,45,58,0,0,0,0,0,0,0,29992,29993,29993,-70,-18,-115,-108,-89,-98,-108,-116,-116,-115,-261,-244,-686,-676,-6203,-6372,-6086,-6123,-29970,-29973,-29989,-29990]} 1. Nf3 Nf6 2. c4 g6 3. d4 Bg7 4. g3 O-O 5. Bg2 d6 6. O-O Nc6 7. Nc3 a6 8. d5 Na5 9. b3 c5 10. dxc6 Nxc6 11. Bb2 Ne4 {E63: King's Indian: Fianchetto: Panno Variation with 7...a6} (11... Rb8 12. Rc1 Bd7 13. Qd2 b5 14. Nd5 Ne4 15. Qc2 Bxb2 16. Qxb2 b4 17. Ne1 Nc5 18. Nd3 Nxd3 19. exd3 {1-0 (40) Gelfand,B (2743)-Kasimdzhanov,R (2691) Tashkent 2016}) 12. Qc1 Nxc3 13. Bxc3 Bxc3 {White is slightly better.} 14. Qxc3 Bd7 15. Rfd1 Rc8 $146 ({Predecessor:} 15... Qc7 16. Rac1 {½-½ (30) Pieniazek,A (2400)-Praszak,M (2235) Lubniewice 1998}) 16. Rac1 Qc7 17. Qd2 Bg4 18. h3 Bxf3 19. Bxf3 Rfd8 20. h4 Ne5 21. Bg2 h5 22. Qf4 Qb6 23. Qe4 Rd7 24. Bh3 e6 25. Rc2 {[%cal Bc1c2,Bc2d2,Bd2d4,Bd4c4,Bc4c6][%mdl 32]} Qb4 26. Kg2 Qc5 27. Rcd2 b5 {[%cal Rb5c4]} 28. f4 Ng4 29. Bxg4 $1 hxg4 30. Rd4 Rcd8 31. Qd3 bxc4 32. Rxc4 Qb6 33. Rdc1 a5 34. Rc6 Qb7 35. Kh2 (35. Kf1 $14) 35... a4 $11 36. h5 gxh5 37. f5 {[%cal Bf4f5,Bf5f6][%mdl 32]} axb3 38. axb3 Re8 $2 {[%mdl 8192]} (38... exf5 $11 39. Qxf5 Qxb3) 39. f6 $1 Qa7 {[#]} 40. Rf1 $2 (40. R6c5 $1 {[%mdl 512] mates} h4 (40... Qxc5 41. Rxc5) 41. Qe3 $1 {[%mdl 512]} hxg3+ 42. Qxg3 Qa4 43. bxa4 Kf8 44. Qxg4 $1 {[%mdl 512]} Red8 45. Qg7+ Ke8 46. Qh8#) 40... Qa5 $1 $15 41. Qe3 {[#]} (41. b4 $1 $11 Qd5 42. Qe3) 41... Kh7 $1 $17 42. Qd3+ {[#]} Kh6 $1 43. Rxd6 Rxd6 44. Qxd6 {[%mdl 4096] Endgame KQR-KQR} Rd8 $36 {[%mdl 2048] Black has strong initiative.} 45. Qe7 (45. b4 $17 Rxd6 46. bxa5) 45... Kg6 $19 {Hoping for ...h4!} 46. Qb7 $2 (46. b4 Qb6 47. Qc5 Qxc5 48. bxc5) 46... Qe5 47. Qg2 Rd2 48. Rf2 h4 49. b4 Rb2 50. b5 Rb3 {Precision: White = 34%, Black = 75%.} 0-1

[Event "IOM Open-Masters 2017"]
[Site "Douglas"]
[Date "2017.09.29"]
[Round "7"]
[White "Eggleston, David J"]
[Black "Hambleton, Aman"]
[Result "0-1"]
[WhiteElo "2400"]
[BlackElo "2479"]
[Annotator "TA"]
[PlyCount "74"]
[EventDate "2017.??.??"]
[EventType "swiss"]
[EventCountry "GBR"]
[SourceTitle "playchess.com"]
[Source "ChessBase"]
[SourceQuality "1"]

{[%evp 12,74,27,21,60,66,56,56,62,10,26,4,28,14,21,26,58,53,43,0,0,0,102,109,101,9,44,54,63,68,74,0,0,-29,-30,-98,-98,-187,-162,-236,-233,-232,-251,-305,-317,-449,-423,-472,-477,-469,-463,-460,-466,-456,-381,-736,-710,-703,-677,-788,-760,-1022,-974,-1727,-1855]} 1. e4 c5 2. Nf3 e6 3. d4 cxd4 4. Nxd4 a6 5. Nc3 Qc7 6. Bd3 Nc6 7. Nxc6 Qxc6 {B43: Sicilian: Kan Variation: 5 Nc3} 8. O-O b5 9. Re1 Ne7 $146 {White is slightly better.} ({Predecessor:} 9... Bb7 10. a4 b4 11. Nd5 Nf6 12. Bd2 Bc5 13. Nxf6+ gxf6 14. c3 Qb6 15. Qe2 {½-½ (28) Djukic,N (2566)-Kontic,D (2303) Podgorica 2016}) 10. Qd2 (10. Be3 $14) 10... Bb7 $11 11. b3 Ng6 {Strongly threatening ...Bb4.} 12. Bb2 Bd6 13. a4 {[%cal Ba2a4,Ba4b5][%mdl 32]} Qc7 14. axb5 Bxh2+ 15. Kh1 {g3 is the strong threat.} Bf4 16. Qe2 {[%cal Rb5a6]} a5 (16... Be5 $11) 17. Na4 $16 O-O 18. Qh5 ({White should play} 18. c4 $16) 18... Ne5 19. g3 Nxd3 20. cxd3 Bh6 {[#]} 21. Bc1 ({White should try} 21. Qc5 $1 $16 {[%cal Rc5c7]} Rfc8 22. Qxc7 Rxc7 23. Nb6) 21... Bxc1 $11 22. Raxc1 Qd6 23. Nc5 (23. Kg1 $11 {remains equal.}) 23... Rab8 $17 {[%cal Ba8b8,Bb8b5,Bb5b4,Bb4b3][%mdl 32]} 24. f4 {[#]} (24. Kg2 $17) 24... f5 $1 $19 25. Qe2 (25. Kg2 $142) 25... Ba8 26. Kh2 Rxb5 27. d4 Rb4 28. e5 (28. d5 $142 exd5 29. e5) 28... Qd5 29. Na6 Rxb3 30. Nc7 Qf3 31. Qxf3 Bxf3 32. d5 Kf7 33. Rb1 $2 (33. Kg1) 33... a4 {[%cal Ba5a4,Ba4b3][%mdl 32] Black is clearly winning.} 34. Rxb3 axb3 35. dxe6+ dxe6 36. Nb5 Rb8 37. Nd4 Be4 {Precision: White = 35%, Black = 61%.} 0-1

[Event "IOM Open-Masters 2017"]
[Site "Douglas"]
[Date "2017.09.29"]
[Round "7"]
[White "Loos, Roland"]
[Black "Lorscheid, Gerhard"]
[Result "1-0"]
[WhiteElo "2393"]
[BlackElo "2192"]
[Annotator "TA"]
[PlyCount "109"]
[EventDate "2017.??.??"]
[EventType "swiss"]
[EventCountry "GBR"]
[SourceTitle "playchess.com"]
[Source "ChessBase"]
[SourceQuality "1"]

{[%evp 10,109,27,28,47,48,65,41,31,35,52,45,46,43,43,35,37,31,42,48,43,48,110,94,99,109,97,108,139,139,130,129,137,130,133,137,144,124,129,129,140,135,148,0,131,129,130,130,157,115,164,169,186,127,154,154,141,145,155,68,175,93,135,102,143,150,183,182,178,175,183,183,384,370,393,379,555,426,418,378,416,406,387,378,482,329,315,275,295,295,408,373,456,431,430,439,464,443,554,534,704,631]} 1. e4 d6 2. d4 Nf6 3. f3 e5 4. d5 c6 5. c4 Qb6 (5... b5 6. Be3 Be7 7. a3 O-O 8. Nc3 bxc4 9. Bxc4 Bb7 10. Nge2 Nbd7 11. dxc6 Bxc6 12. Ba2 Nb6 13. O-O {½-½ (21) Lupulescu,C (2609)-Kempinski,R (2600) Germany 2016}) 6. Nc3 {LiveBook: 7 Games. B07: Pirc Defence: Miscellaneous Systems} cxd5 7. cxd5 Bd7 $146 ({Predecessor:} 7... Be7 8. Bb5+ Bd7 9. Qe2 O-O 10. Be3 Bxb5 11. Nxb5 Qa5+ 12. Nc3 Nbd7 13. Nh3 {½-½ (53) Grabuzova,T (2340)-Kosteniuk,A (2260) Elista 1998}) 8. Qe2 {White is slightly better.} Na6 9. Be3 Qa5 10. Qd2 Be7 11. Nge2 O-O 12. a3 Rfc8 13. Nc1 Qc7 14. Nb5 $36 {[%mdl 2048] White is pushing.} Bxb5 15. Bxb5 Qc2 ({Black should play} 15... Nc5 $14) 16. b4 Bd8 17. Bd3 Qxd2+ 18. Kxd2 Bb6 19. Bxb6 axb6 20. Ne2 Kf8 21. Rhc1 Ke7 22. Nc3 Kd8 23. Nd1 Rxc1 24. Rxc1 ({Not} 24. Kxc1 Nxb4 25. Be2 Rc8+ 26. Kd2 Nc2 $15) 24... Rc8 25. Ra1 Ra8 26. Rc1 Rc8 $1 27. Rb1 Nc7 28. Ne3 Nfe8 29. Nc4 Na8 30. g3 Kc7 31. f4 (31. Rc1 $18 {aiming for Nxe5+.} Kb8 32. a4) 31... b5 32. Ne3 Kb6 33. Rc1 Nac7 34. Nf5 ({Better is} 34. a4 $16 {Threatens to win with axb5.} exf4 35. a5+ (35. gxf4 bxa4 36. Ra1 Ka7 $16) 35... Ka7 36. gxf4) 34... f6 (34... exf4 $14 35. gxf4 g6) 35. Be2 (35. fxe5 $18 fxe5 36. Ra1) 35... Rd8 36. Rf1 Rd7 37. h4 g6 38. Ne3 exf4 39. gxf4 Re7 40. Kd3 h6 $2 {[#]} (40... Ng7 41. Kd4 f5) 41. Kd4 Rg7 42. Rg1 Rg8 (42... Ka7 {is a better defense.} 43. Bd3 Kb6) 43. h5 g5 44. Nf5 Rh8 45. e5 fxe5+ 46. fxe5 Rf8 47. Rf1 dxe5+ 48. Kxe5 Nf6 49. Ne7 ({Stronger than} 49. Nxh6 Ncxd5 50. Bf3 Re8+ 51. Kf5 Nxh5 $11) 49... Ng4+ 50. Kd4 Rxf1 51. Bxf1 {White is clearly winning.} Ne8 52. Be2 Ngf6 53. Ke5 g4 54. d6 Nxd6 55. Kxf6 {Precision: White = 71%, Black = 36%.} 1-0

[Event "IOM Open-Masters 2017"]
[Site "Douglas"]
[Date "2017.09.29"]
[Round "7"]
[White "Kavutskiy, Konstantin"]
[Black "Zumsande, Martin"]
[Result "1-0"]
[WhiteElo "2390"]
[BlackElo "2471"]
[Annotator "TA"]
[PlyCount "89"]
[EventDate "2017.??.??"]
[EventType "swiss"]
[EventCountry "GBR"]
[SourceTitle "playchess.com"]
[Source "ChessBase"]
[SourceQuality "1"]

{[%evp 17,89,25,28,27,33,31,28,32,30,31,23,25,68,65,70,67,64,73,139,138,173,176,184,181,243,193,186,158,189,191,191,196,186,196,195,199,250,221,226,220,273,264,359,335,331,311,426,398,425,413,376,339,414,406,1001,1070,904,1451,1367,1419,1411,1400,1251,1118,2061,1875,1744,1564,29975,29977,29976,29975,5639,2815]} 1. d4 d5 2. c4 e6 3. Nf3 Nf6 4. Nc3 Be7 5. Bf4 O-O 6. e3 c5 7. dxc5 Bxc5 8. Qc2 Nc6 9. a3 Re8 10. Bg3 {D37: Queen's Gambit Declined: 5 Bf4} (10. O-O-O e5 11. Bg5 d4 12. Nd5 b5 13. Bxf6 gxf6 14. cxb5 Na5 15. exd4 exd4 16. Nb4 Bxb4 17. axb4 Be6 18. Nxd4 {0-1 (34) Topalov,V (2760)-Anand,V (2779) London 2016}) 10... d4 11. exd4 Nxd4 12. Nxd4 {White has an edge.} Bxd4 13. O-O-O e5 {[#]} 14. Nb5 $146 ({Predecessor:} 14. Bxe5 Rxe5 15. Qd3 Bf5 16. Qxd4 Qe7 17. f3 Re1 18. Rxe1 Qxe1+ {½-½ (44) Buhmann,R (2625)-Tabatabaei,M (2507) Moscow 2017}) 14... Bd7 {[#] Hoping for ...Bxb5.} 15. Nxd4 exd4 16. f3 $1 ({Much weaker is} 16. Rxd4 Re1+ 17. Rd1 {[#]} Bf5 $1 $11 {[%mdl 512]}) 16... Rc8 17. Rxd4 Qa5 (17... Qb6 $142 18. Bf2 Qa5) 18. Bd3 $16 Ba4 19. Qd2 Qb6 20. Kb1 Qc5 (20... Rcd8 $142 21. c5 Qb3) 21. Bd6 Qc6 22. Bb4 Qe6 23. Re1 Qxe1+ 24. Qxe1 Rxe1+ 25. Bxe1 Bb3 26. Bh4 a5 (26... Kf8 {was necessary.} 27. Bf5 Re8) 27. Bxf6 gxf6 $18 {[%mdl 4096] Endgame KRB-KRB} 28. Rd7 Re8 {[%cal Re8e1]} 29. Kc1 Re1+ 30. Kd2 Rg1 31. g3 {[%cal Bg2g3,Bg3g4][%mdl 32]} a4 32. Rxb7 Rg2+ 33. Kc3 Rxh2 34. Be4 Rf2 35. g4 Bd1 (35... Rf1 $142 36. Bd5 Rf2 37. Bxf7+ Kf8) 36. c5 {[%cal Bc4c5,Bc5c6][%mdl 32]} Bxf3 37. Bxf3 Rxf3+ {KR-KR} 38. Kd4 Rf2 39. c6 Rc2 40. Kd5 Kf8 41. Kd6 Rd2+ 42. Kc7 Ke8 43. Kb8 Rd8+ 44. Ka7 Rd6 45. Rb8+ {Precision: White = 87%, Black = 22%.} (45. c7 $142 Rc6 46. Kb8 Rxc7 47. Kxc7) 1-0

[Event "IOM Open-Masters 2017"]
[Site "Douglas"]
[Date "2017.09.29"]
[Round "7"]
[White "Hemant, Sharma"]
[Black "Esserman, Marc"]
[Result "1/2-1/2"]
[WhiteElo "2342"]
[BlackElo "2453"]
[Annotator "TA"]
[PlyCount "98"]
[EventDate "2017.??.??"]
[EventType "swiss"]
[EventCountry "GBR"]
[SourceTitle "playchess.com"]
[Source "ChessBase"]
[SourceQuality "1"]

{[%evp 24,98,0,0,25,0,15,6,8,-11,-12,-34,-33,-29,-3,-13,-3,-12,0,0,0,-12,-8,-13,-5,-7,-6,-6,-6,-6,-6,-6,-4,-6,-6,-6,0,0,0,0,0,0,0,0,0,0,0,-8,-8,-673,-606,-559,-448,-29972,-29972,-29973,-29973,-29975,-29976,-29976,-29977,-29977,-29975,-29975,-29978,-5206,0,0,0,0,0,0,0,0,0,-8,-8]} 1. e4 c6 2. d4 d5 3. exd5 cxd5 4. c4 Nf6 5. Nc3 Nc6 6. Nf3 Bg4 7. cxd5 Nxd5 8. Qb3 Bxf3 9. gxf3 e6 10. Qxb7 Nxd4 11. Bb5+ Nxb5 12. Qc6+ Ke7 13. Qxb5 Nxc3 {[%csl Gc3][%cal Rd8d1] B13: Caro-Kann: Exchange Variation and Panov-Botvinnik Attack} 14. Qc5+ (14. bxc3 Qd7 15. Rb1 Rd8 16. Be3 Qxb5 17. Rxb5 Rd7 18. Ke2 g6 19. Bc5+ Kf6 20. Bd4+ Rxd4 21. cxd4 Bh6 22. Rhb1 Rd8 {1-0 (38) Ivanchuk,V (2738)-Vachier Lagrave,M (2796) Leuven 2017}) 14... Qd6 15. Qxc3 Qa6 16. Bd2 (16. Be3 {looks sharper.} Rc8 17. Qd4 Rc4 18. Qd3 f6 19. b3) 16... Rc8 17. Qa5 Qxa5 18. Bxa5 Ke8 $146 ({Predecessor:} 18... Kd7 19. Bc3 f6 20. Rd1+ Bd6 21. Rg1 {½-½ (49) Monjac,M (2024)-Pejic,I (2036) Kastav 2011}) 19. Bc3 f6 20. Ke2 Be7 21. Rad1 Rc7 22. Rd3 Kf7 23. Rhd1 Rhc8 24. Rd7 Ke8 25. Rxc7 Rxc7 $11 {[%mdl 4096] Endgame KRB-KRB} 26. Rd4 Bc5 27. Rc4 Bd6 28. Rxc7 Bxc7 {KB-KB} 29. Bd4 a6 30. h3 $1 Kf7 31. Be3 e5 32. Kd3 Kg6 33. Ke4 {Black must now prevent b4.} Kh5 {Threatens to win with ...Kh4.} 34. b4 {aiming for Kd5.} Kh4 35. a4 {Strongly threatening Kd5.} Kxh3 {And now ...Kg2 would win.} 36. b5 $2 {[%mdl 8192]} (36. Kd5 $11 Kg2 37. Kc6) 36... axb5 $19 37. axb5 Kg2 38. b6 {[#]} (38. f4 $19 exf4 39. Bxf4) 38... Bxb6 $1 {[%mdl 512]} 39. Bxb6 {KB-KP} h5 {[%cal Bh7h5,Bh5h4,Bh4h3][%mdl 32]} 40. f4 {[#]} exf4 $1 41. Kxf4 {KB-K3P} g6 42. Ke4 h4 43. Kd5 h3 44. Bc7 Kxf2 $2 ({Black should try} 44... h2 $19 45. Bd6 h1=Q) 45. Ke6 $11 {The position is equal.} g5 {[%cal Bg6g5,Bg5g4,Bg4g3,Bg3g2,Bg2g1][%mdl 32]} (45... f5 $5 46. Kf6 $8 Kf3 $11) 46. Kxf6 g4 47. Kg5 $1 g3 (47... Kf3 $5 48. Kh4 $8 Kg2 $11) 48. Kh4 g2 49. Kxh3 g1=N+ {Precision: White = 46%, Black = 66%.} 1/2-1/2

[Event "IOM Open-Masters 2017"]
[Site "Douglas"]
[Date "2017.09.29"]
[Round "7"]
[White "Ragnarsson, Dagur"]
[Black "Oyama, Akito"]
[Result "1-0"]
[WhiteElo "2340"]
[BlackElo "2198"]
[Annotator "TA"]
[PlyCount "55"]
[EventDate "2017.??.??"]
[EventType "swiss"]
[EventCountry "GBR"]
[SourceTitle "playchess.com"]
[Source "ChessBase"]
[SourceQuality "1"]

{[%evp 13,55,38,66,46,40,58,47,57,79,63,107,112,173,174,220,246,233,250,376,365,1206,922,910,914,907,887,784,365,333,246,346,345,767,755,1037,1064,712,280,408,387,1037,1029,1029,1018]} 1. d4 e6 2. c4 f5 3. g3 Nf6 4. Bg2 Be7 5. Nf3 d6 6. O-O O-O 7. Nc3 Ne4 8. Nxe4 {A96: Classical Dutch: Fluid Systems: Early deviations} (8. Qc2 Nxc3 9. bxc3 Nc6 10. d5 Na5 11. dxe6 Bxe6 12. Nd4 Bxc4 13. Nxf5 Bf6 14. Ne3 Bf7 15. Be4 h6 16. Rb1 Kh8 17. c4 {½-½ (25) Ding,L (2777)-Kravtsiv,M (2665) Tbilisi 2017}) 8... fxe4 9. Nd2 d5 10. f3 {White is slightly better.} exf3 11. Nxf3 c5 12. Be3 Bf6 (12... Nd7 $16) 13. dxc5 $18 Bxb2 14. Rb1 Bf6 {[#]} 15. cxd5 $1 exd5 {[#]} (15... Qxd5 $142 16. Ng5 Qxd1 17. Rfxd1 (17. Rbxd1 Nc6 $16) 17... Bxg5 18. Bxg5 Nc6) 16. Ng5 $146 {[%mdl 512]} d4 $2 (16... h6 17. Qxd5+ Qxd5 18. Bxd5+ Kh8 19. Nf7+ (19. Bxb7 Bxb7 20. Ne6 Re8 $11) 19... Kh7 20. Be4+ Kg8 21. Rxb7 (21. Bxb7 Bxb7 22. Rxf6 Bd5 $16) 21... Bxb7 22. Nxh6+ gxh6 23. Bxb7 Nd7) (16... Bxg5 17. Qxd5+) 17. Qb3+ Kh8 18. Qd3 {[%csl Gg5][%cal Rd3h7]} (18. Bxb7 Bxb7 19. Qxb7 Nd7 $16) 18... Bxg5 19. Bxg5 Qe8 20. Qxd4 (20. Rxf8+ $142 Qxf8 21. Rf1) 20... Nc6 21. Rxf8+ $40 {[%mdl 128] White has strong attack.} Qxf8 22. Qd6 {[%cal Rd6f8]} Qe8 $2 (22... Qxd6 23. cxd6 h6) 23. Rb3 Bg4 24. Rxb7 Qxe2 25. Qd2 $2 (25. Bh6 Qe1+ 26. Bf1) 25... Qxd2 (25... Qe5 $142 26. Bf4 Qa1+ 27. Qc1 Qd4+ 28. Be3 Qf6) 26. Bxd2 Ne5 $2 (26... Nd4 27. Kf2 h5) 27. Bc3 Nd7 {[#]} 28. Rxd7 $1 {[%mdl 512] Precision: White = 77%, Black = 22%.} 1-0